Manual de windows ´98 / (Record no. 42873)
[ view plain ]
| 000 -CABECERA | |
|---|---|
| campo de control de longitud fija | 00793nam a2200229 a 4500 |
| 001 - NÚMERO DE CONTROL | |
| campo de control | 000043384 |
| 003 - IDENTIFICADOR DEL NÚMERO DE CONTROL | |
| campo de control | OSt |
| 005 - FECHA Y HORA DE LA ÚLTIMA TRANSACCIÓN | |
| campo de control | 20201012125658.0 |
| 008 - DATOS DE LONGITUD FIJA--INFORMACIÓN GENERAL | |
| campo de control de longitud fija | 140312s1999 dr ac 000 0 spa d |
| 040 ## - FUENTE DE LA CATALOGACIÓN | |
| Centro catalogador/agencia de origen | DO-SdBNP |
| Lengua de catalogación | spa |
| Centro/agencia transcriptor | DO-SdBNP |
| 082 ## - NÚMERO DE LA CLASIFICACIÓN DECIMAL DEWEY | |
| Número de clasificación | 005.43 |
| Número de documento/Ítem | P426ma |
| 100 1# - ENTRADA PRINCIPAL--NOMBRE DE PERSONA | |
| Nombre de persona | Peralta D., Felipe |
| 9 (RLIN) | 71047 |
| 245 10 - MENCIÓN DE TÍTULO | |
| Título | Manual de windows ´98 / |
| Mención de responsabilidad, etc. | Felipe Peralta D. |
| 260 ## - PUBLICACIÓN, DISTRIBUCIÓN, ETC. | |
| Lugar de publicación, distribución, etc. | Santo Domingo : |
| Nombre del editor, distribuidor, etc. | CENTU, |
| Fecha de publicación, distribución, etc. | 1999. |
| 300 ## - DESCRIPCIÓN FÍSICA | |
| Extensión | 234 p. : |
| Otras características físicas | il., retrs. ; |
| Dimensiones | 22 cm. |
| 505 0# - NOTA DE CONTENIDO CON FORMATO | |
| Título | Introducción a la Computadora -- |
| -- | Windows 98. -- |
| -- | Introducción al Iternet -- |
| 590 ## - NOTA LOCAL (RLIN) | |
| Nota local | Inventariado,2020/VM |
| 650 #7 - PUNTO DE ACCESO ADICIONAL DE MATERIA--TÉRMINO DE MATERIA | |
| Fuente del encabezamiento o término | Lemb |
| Término de materia o nombre geográfico como elemento de entrada | Windows 98 (Programa para computador) |
| Subdivisión de forma | Manuales |
| 9 (RLIN) | 76847 |
| 650 #7 - PUNTO DE ACCESO ADICIONAL DE MATERIA--TÉRMINO DE MATERIA | |
| Fuente del encabezamiento o término | Lemb |
| Término de materia o nombre geográfico como elemento de entrada | Windows 98 (Sistema operacional para computador) |
| Subdivisión de forma | Manuales |
| 9 (RLIN) | 76851 |
| 942 ## - ELEMENTOS DE PUNTO DE ACCESO ADICIONAL (KOHA) | |
| Fuente del sistema de clasificación o colocación | Dewey Decimal Classification |
| Tipo de ítem Koha | Libros y folletos |
| 956 ## - LOCALIZACIÓN Y ACCESO ELECTRÓNICOS LOCAL (OCLC) | |
| Nombre del host | VMateo |
| Estado de retiro | Estado de pérdida | Fuente del sistema de clasificación o colocación | No para préstamo | Código de colección | Localización permanente | Ubicación/localización actual | Ubicación en estantería | Fecha de adquisición | Fuente de adquisición | Número de inventario | Total de préstamos | Signatura topográfica completa | Código de barras | Fecha visto por última vez | Precio válido a partir de | Tipo de ítem Koha | Número de copia |
|---|---|---|---|---|---|---|---|---|---|---|---|---|---|---|---|---|---|
| Dewey Decimal Classification | Excluido de préstamo | Patrimonio Dominicano | Biblioteca Nacional Pedro Henríquez Ureña | Patrimonio Dominicano | Depósito | 12.03.2014 | FUNDI | LF1 | 43384-10 | 25.06.2020 | 25.06.2020 | Libro y Folleto Colección Patrimonio Dominicano | |||||
| Dewey Decimal Classification | Excluido de préstamo | Patrimonio Dominicano | Biblioteca Nacional Pedro Henríquez Ureña | Patrimonio Dominicano | Depósito | 16.04.2015 | FUNDI | LF1 | 43384-20 | 25.06.2020 | 25.06.2020 | Libro y Folleto Colección Patrimonio Dominicano | e. 2 |
